Normal view
MARC view
- القراءة والكتابة - تعلم وتعليم - طفولة مبكرة
Entry Topical Term
001 - CONTROL NUMBER
- control field: 9877
003 - CONTROL NUMBER IDENTIFIER
- control field: JO-AjAnu
005 - DATE AND TIME OF LATEST TRANSACTION
- control field: 20230606071904.0
008 - FIXED-LENGTH DATA ELEMENTS
- fixed length control field: 230606|| aca||aabn | a|a d
040 ## - CATALOGING SOURCE
- Original cataloging agency: JO-AjAnu
- Transcribing agency: JO-AjAnu
150 ## - HEADING--TOPICAL TERM
- Topical term or geographic name entry element: القراءة والكتابة - تعلم وتعليم - طفولة مبكرة
670 ## - SOURCE DATA FOUND
- Source citation: Work cat.: (JO-AjAnu)5090: تاليف أبو مغلي، سميح، م.مشارك حابس سليمان العواملة، م.مشارك مصطفى الفار, author 9876, طرق تعليم القراءة والكتابة للأطفال